00611nam a22001457a 450000500170000000800410001705000240005810000220008224501120010426000590021630000410027565000540031665000490037065000460041920141106103719.0141106b xxu||||| |||| 00| 0 eng d aBV 3774b.B423 1995 aBeiting, Ralph W. aPilgrimage of a country preacher... :ba journey to the holy land of Appalachia /cFather Ralph W. Beiting. aLancaster, KY :bChristian Applanchian Project.c1995. a110 pages :billustrations ;c17 cm. aCatholic ChurchxUnited StatesxClergyxBiography aMIssionariesxAppalachian RegionxBiography. aChristian Appalachian ProjectxBiography.